Tribhuvan University Central Library

Geology of the Rato Khola area sub-Himalaya, Central Nepal (Record no. 13619)

MARC details
000 -LEADER
fixed length control field 008410000a22003370004500
082 ## - DEWEY DECIMAL CLASSIFICATION NUMBER
Classification number 551
Item number B859g
-- D
041 ## - LANGUAGE CODE
Language code of text/sound track or separate title Eng
100 ## - MAIN ENTRY--PERSONAL NAME
Personal name Budhathoki, Rajesh Kumar
245 ## - TITLE STATEMENT
Title Geology of the Rato Khola area sub-Himalaya, Central Nepal
260 ## - PUBLICATION, DISTRIBUTION, ETC. (IMPRINT)
Place of publication, distribution, etc Kathmandu, Nepal
260 ## - PUBLICATION, DISTRIBUTION, ETC. (IMPRINT)
Date of publication, distribution, etc 1997
300 ## - PHYSICAL DESCRIPTION
Extent 79p.
Other physical details illus
500 ## - GENERAL NOTE
General note Bibliography at the end
518 ## - DATE/TIME AND PLACE OF AN EVENT NOTE
Date/time and place of an event note 980315
530 ## - ADDITIONAL PHYSICAL FORM AVAILABLE NOTE
Additional physical form available note Dis
502 ## - DISSERTATION NOTE
Dissertation note Dissertation
-- Degree in Geology, Tribhuvan University
650 ## - SUBJECT ADDED ENTRY--TOPICAL TERM
Topical term or geographic name as entry element Geology
650 ## - SUBJECT ADDED ENTRY--TOPICAL TERM
Topical term or geographic name as entry element Meteorology
650 ## - SUBJECT ADDED ENTRY--TOPICAL TERM
Topical term or geographic name as entry element Hydrology
650 ## - SUBJECT ADDED ENTRY--TOPICAL TERM
Topical term or geographic name as entry element Topography
650 ## - SUBJECT ADDED ENTRY--TOPICAL TERM
Topical term or geographic name as entry element Petrography
650 ## - SUBJECT ADDED ENTRY--TOPICAL TERM
Topical term or geographic name as entry element Sedimentary soils
650 ## - SUBJECT ADDED ENTRY--TOPICAL TERM
Topical term or geographic name as entry element Soil erosion
650 ## - SUBJECT ADDED ENTRY--TOPICAL TERM
Topical term or geographic name as entry element Sedimentology
650 ## - SUBJECT ADDED ENTRY--TOPICAL TERM
Topical term or geographic name as entry element Earth sciences
651 ## - SUBJECT ADDED ENTRY--GEOGRAPHIC NAME
Geographic name Nepal
651 ## - SUBJECT ADDED ENTRY--GEOGRAPHIC NAME
Geographic name Rato Khola
651 ## - SUBJECT ADDED ENTRY--GEOGRAPHIC NAME
Geographic name Central Nepal
650 ## - SUBJECT ADDED ENTRY--TOPICAL TERM
Topical term or geographic name as entry element Sub-Himalaya
942 ## - ADDED ENTRY ELEMENTS (KOHA)
Koha item type General Collections
Holdings
Withdrawn status Lost status Damaged status Not for loan Home library Current library Date acquired Total Checkouts Barcode Date last seen Price effective from
        Tribhuvan University Central Library Tribhuvan University Central Library 06/20/2010   D5083 06/20/2010 06/20/2010